[Event "25th Klatovy A 2017"]
[Site "Klatovy CZE"]
[Date "2017.07.02"]
[Round "2.1"]
[White "Hurdzan, Tomas"]
[Black "Neuman, Petr"]
[Result "0-1"]
[WhiteElo "2164"]
[BlackElo "2442"]
[PlyCount "114"]
[EventDate "2017.07.01"]
[EventType "swiss"]
[EventRounds "9"]
[EventCountry "CZE"]
[SourceTitle "EXT 2018"]
[Source "ChessBase"]
[SourceDate "2017.10.13"]
[SourceVersion "1"]
[SourceVersionDate "2017.10.13"]
[SourceQuality "1"]

1. e4 g6 2. d4 Bg7 3. Nc3 d6 4. Bg5 a6 5. f4 Nd7 6. Nf3 c5 7. dxc5 Nxc5 8. e5 Be6 9. Qe2 h6 10. Bh4 dxe5 11. fxe5 Rc8 12. Bg3 h5 13. Qf2 Nh6 14. h3 Nf5 15. Bf4 Qb6 16. Rb1 Qb4 17. Nd2 Nd7 18. Be2 Nxe5 19. a3 Qd4 20. O-O Qxf2+ 21. Rxf2 Nc4 22. Bxc4 Bxc4 23. Nf3 f6 24. Ne4 Bd5 25. Re1 Kf7 26. b3 e5 27. Bc1 h4 28. c4 Bc6 29. Bb2 Rhd8 30. b4 Bh6 31. Rfe2 Bf4 32. Bc1 Bxe4 33. Rxe4 Ng3 34. Bxf4 Nxe4 35. Rxe4 exf4 36. Rxf4 Rd1+ 37. Kh2 Rh8 38. Ng5+ Ke7 39. Ne4 Rd4 40. Nxf6 Rxf4 41. Nd5+ Ke6 42. Nxf4+ Kf5 43. Nd5 Re8 44. a4 Re4 45. Nb6 Ke5 46. Kg1 Re2 47. b5 Kd4 48. bxa6 bxa6 49. Nd5 g5 50. Nc7 a5 51. Kf1 Re5 52. Nd5 Kxc4 53. Nb6+ Kb4 54. Kf2 Re6 55. Nd7 Rd6 56. Ne5 Kxa4 57. Kf3 Kb3 0-1

[Event "25th Klatovy A 2017"]
[Site "Klatovy CZE"]
[Date "2017.07.02"]
[Round "2.2"]
[White "Nomin Erdene, Davaademberel"]
[Black "Kaderabek, Jiri"]
[Result "1-0"]
[WhiteElo "2373"]
[BlackElo "2137"]
[PlyCount "55"]
[EventDate "2017.07.01"]
[EventType "swiss"]
[EventRounds "9"]
[EventCountry "CZE"]
[SourceTitle "EXT 2018"]
[Source "ChessBase"]
[SourceDate "2017.10.13"]
[SourceVersion "1"]
[SourceVersionDate "2017.10.13"]
[SourceQuality "1"]

1. e4 c5 2. Nf3 e6 3. d4 cxd4 4. Nxd4 Nf6 5. Nc3 d6 6. Be3 Be7 7. f3 a6 8. Qd2 b5 9. g4 Bb7 10. O-O-O Nc6 11. g5 Nd7 12. h4 Rc8 13. Qg2 O-O 14. Nxc6 Bxc6 15. h5 b4 16. Ne2 Qa5 17. Kb1 Ba4 18. Nd4 e5 19. Nb3 Qc7 20. Bd3 a5 21. g6 fxg6 22. hxg6 Rf6 23. Qh3 Nf8 24. Nc5 Bxc2+ 25. Bxc2 dxc5 26. Bxc5 Rxg6 27. Bb3+ Kh8 28. Bxe7 1-0

[Event "25th Klatovy A 2017"]
[Site "Klatovy CZE"]
[Date "2017.07.02"]
[Round "2.3"]
[White "Formanek, Martin"]
[Black "Molkanov, Oleg 2001"]
[Result "1-0"]
[WhiteElo "2273"]
[BlackElo "2117"]
[PlyCount "48"]
[EventDate "2017.07.01"]
[EventType "swiss"]
[EventRounds "9"]
[EventCountry "CZE"]
[SourceTitle "EXT 2018"]
[Source "ChessBase"]
[SourceDate "2017.10.13"]
[SourceVersion "1"]
[SourceVersionDate "2017.10.13"]
[SourceQuality "1"]

1. Nf3 f5 2. g3 Nf6 3. Bg2 d6 4. d3 e5 5. c4 Nc6 6. Nc3 g6 7. O-O Bg7 8. Rb1 O-O 9. b4 h6 10. b5 Ne7 11. c5 Be6 12. Ba3 Qd7 13. Nd2 Nfd5 14. Na4 f4 15. Ne4 fxg3 16. hxg3 Nf5 17. cxd6 cxd6 18. Nxd6 Nc3 19. Nxc3 Nxd6 20. Bxd6 Qxd6 21. Bxb7 Rab8 22. Bg2 Qd4 23. Qd2 Rf5 24. Ne4 Qd5 1-0

[Event "25th Klatovy A 2017"]
[Site "Klatovy CZE"]
[Date "2017.07.02"]
[Round "2.4"]
[White "Kozak, Milos"]
[Black "Weber, Dirk"]
[Result "1/2-1/2"]
[WhiteElo "2138"]
[BlackElo "2269"]
[PlyCount "59"]
[EventDate "2017.07.01"]
[EventType "swiss"]
[EventRounds "9"]
[EventCountry "CZE"]
[SourceTitle "EXT 2018"]
[Source "ChessBase"]
[SourceDate "2017.10.13"]
[SourceVersion "1"]
[SourceVersionDate "2017.10.13"]
[SourceQuality "1"]

1. d4 Nf6 2. c4 c5 3. d5 b5 4. cxb5 a6 5. bxa6 Bxa6 6. Nc3 d6 7. Nf3 g6 8. e4 Bxf1 9. Kxf1 Bg7 10. g3 O-O 11. Kg2 Nbd7 12. a4 Qa5 13. Bd2 Rfb8 14. Nb5 Qb6 15. Qc2 Qb7 16. Bc3 Ra6 17. Rhd1 Bf8 18. Qe2 Rba8 19. b3 e6 20. dxe6 fxe6 21. Bxf6 Nxf6 22. e5 dxe5 23. Qxe5 Nd5 24. Rac1 Rc8 25. Qe2 Rb6 26. Rc4 Re8 27. Re1 Nc7 28. Nxc7 Qxc7 29. Rc3 Qb7 30. Qc2 1/2-1/2

[Event "25th Klatovy A 2017"]
[Site "Klatovy CZE"]
[Date "2017.07.02"]
[Round "2.5"]
[White "Novotny, Michal"]
[Black "Jelinek, Michal"]
[Result "1-0"]
[WhiteElo "2264"]
[BlackElo "2085"]
[PlyCount "71"]
[EventDate "2017.07.01"]
[EventType "swiss"]
[EventRounds "9"]
[EventCountry "CZE"]
[SourceTitle "EXT 2018"]
[Source "ChessBase"]
[SourceDate "2017.10.13"]
[SourceVersion "1"]
[SourceVersionDate "2017.10.13"]
[SourceQuality "1"]

1. e4 e6 2. d4 d5 3. Nc3 Bb4 4. e5 c5 5. a3 Bxc3+ 6. bxc3 Ne7 7. a4 Qc7 8. Nf3 h6 9. Bd3 b6 10. O-O Ba6 11. a5 Bxd3 12. cxd3 Nd7 13. axb6 Nxb6 14. dxc5 Qxc5 15. Be3 Qc8 16. Nd4 O-O 17. Nb5 a6 18. Nd6 Qc6 19. Qg4 Kh7 20. Qb4 Nd7 21. Bd4 Nc8 22. Nb7 Ncb6 23. Na5 Qc7 24. f4 Rfb8 25. Qe7 Kg8 26. Rf2 Nc8 27. Qe8+ Nf8 28. Nc6 Rb7 29. Bc5 Nb6 30. Ne7+ Kh7 31. Qxf7 Nfd7 32. Bb4 Nc5 33. f5 exf5 34. Qxf5+ Kh8 35. Ng6+ Kg8 36. Nf8 1-0

[Event "25th Klatovy A 2017"]
[Site "Klatovy CZE"]
[Date "2017.07.02"]
[Round "2.6"]
[White "Svanda, Ondrej"]
[Black "Jurek, Josef"]
[Result "1/2-1/2"]
[WhiteElo "2061"]
[BlackElo "2263"]
[PlyCount "113"]
[EventDate "2017.07.01"]
[EventType "swiss"]
[EventRounds "9"]
[EventCountry "CZE"]
[SourceTitle "EXT 2018"]
[Source "ChessBase"]
[SourceDate "2017.10.13"]
[SourceVersion "1"]
[SourceVersionDate "2017.10.13"]
[SourceQuality "1"]

1. e4 c5 2. Nc3 e6 3. f4 d5 4. exd5 exd5 5. Nf3 Nf6 6. Bb5+ Bd7 7. Bxd7+ Nbxd7 8. d3 Bd6 9. Qe2+ Qe7 10. Qxe7+ Kxe7 11. O-O Rhe8 12. Nb5 Bb8 13. Re1+ Kf8 14. Rxe8+ Kxe8 15. Bd2 a6 16. Re1+ Kf8 17. Nc3 Bc7 18. a4 h6 19. Ne5 Rd8 20. h3 d4 21. Nxd7+ Rxd7 22. Ne4 Nxe4 23. Rxe4 f5 24. Re2 Kf7 25. Kf2 b5 26. axb5 axb5 27. Re1 Bb8 28. Ra1 Ra7 29. Rxa7+ Bxa7 30. b3 Ke6 31. Kf3 Bb6 32. Be1 Bd8 33. Bd2 Kd5 34. g3 Be7 35. h4 g6 36. Ke2 c4 37. bxc4+ bxc4 38. dxc4+ Kxc4 39. Be1 Ba3 40. Ba5 Bc1 41. Bd2 Bb2 42. Be1 Bc3 43. Bf2 Bb4 44. Bg1 Kc3 45. Bf2 Bc5 46. Kd1 Ba3 47. Be1+ Kc4 48. Ke2 Bb2 49. Ba5 Bc3 50. Bc7 Kd5 51. Bb8 Ke4 52. Bd6 Bb2 53. Bf8 h5 54. Bb4 Bc1 55. Be1 Be3 56. Ba5 Bc1 57. Be1 1/2-1/2

[Event "25th Klatovy A 2017"]
[Site "Klatovy CZE"]
[Date "2017.07.02"]
[Round "2.7"]
[White "Bujnoch, Radek"]
[Black "Parizek, Vojtech"]
[Result "0-1"]
[WhiteElo "2261"]
[BlackElo "2065"]
[PlyCount "60"]
[EventDate "2017.07.01"]
[EventType "swiss"]
[EventRounds "9"]
[EventCountry "CZE"]
[SourceTitle "EXT 2018"]
[Source "ChessBase"]
[SourceDate "2017.10.13"]
[SourceVersion "1"]
[SourceVersionDate "2017.10.13"]
[SourceQuality "1"]

1. e4 c5 2. c3 d5 3. exd5 Qxd5 4. d4 g6 5. Be3 cxd4 6. Qxd4 Nf6 7. Nf3 Nc6 8. Qa4 Bg7 9. Na3 O-O 10. Nb5 Ne5 11. Nxe5 Qxe5 12. Qd4 Qxd4 13. Bxd4 b6 14. a4 Bb7 15. a5 e5 16. Bxe5 Rae8 17. f4 Nd7 18. Nd6 Bxe5 19. Nxe8 Bxf4 20. Bb5 Rxe8+ 21. Kf2 Be3+ 22. Kg3 Re7 23. Bxd7 Rxd7 24. a6 Bc6 25. Rad1 f5 26. Rxd7 f4+ 27. Kh4 Bxd7 28. Rd1 Bf5 29. c4 Kg7 30. Rd8 Bc5 0-1

[Event "25th Klatovy A 2017"]
[Site "Klatovy CZE"]
[Date "2017.07.02"]
[Round "2.8"]
[White "Mulenko, Alexander"]
[Black "Slovak, Kilian"]
[Result "1-0"]
[WhiteElo "2050"]
[BlackElo "2254"]
[PlyCount "121"]
[EventDate "2017.07.01"]
[EventType "swiss"]
[EventRounds "9"]
[EventCountry "CZE"]
[SourceTitle "EXT 2018"]
[Source "ChessBase"]
[SourceDate "2017.10.13"]
[SourceVersion "1"]
[SourceVersionDate "2017.10.13"]
[SourceQuality "1"]

1. Nf3 g6 2. g3 Bg7 3. Bg2 Nf6 4. c4 O-O 5. O-O d6 6. d4 Nc6 7. Nc3 Bf5 8. d5 Na5 9. Nd2 c5 10. e4 Bg4 11. Qc2 a6 12. Rb1 Bd7 13. b3 Rb8 14. Bb2 b5 15. Nd1 bxc4 16. bxc4 Bh6 17. f4 Bg7 18. Ne3 Qc7 19. h3 Nh5 20. Bxg7 Nxg7 21. Qc3 Nb7 22. Rb2 e5 23. f5 Nh5 24. Kh2 Qd8 25. Rfb1 Bc8 26. Bf3 Qg5 27. Bxh5 Qxh5 28. g4 Qg5 29. Ng2 Kh8 30. Qe3 Qxe3 31. Nxe3 Ra8 32. Rb6 Kg7 33. Kg3 Kf6 34. h4 Ke7 35. Rxb7+ Bxb7 36. Rxb7+ Kd8 37. Nb3 a5 38. a4 Kc8 39. Rb5 Kc7 40. g5 Rfb8 41. Kf3 Kd7 42. Ke2 Kc7 43. Kd3 Rh8 44. Ng4 Ra7 45. Nh6 Rf8 46. f6 Ra6 47. Kc3 Ra7 48. Kb2 Ra6 49. Ka3 Raa8 50. Nxa5 Ra7 51. Nc6 Rb7 52. Rxb7+ Kxb7 53. Nxf7 Kc7 54. Nh6 Kb6 55. a5+ Kb7 56. Ka4 Ka6 57. Ng4 Rc8 58. Ne3 Rf8 59. Nd1 h5 60. Nc3 Rf7 61. Ne7 1-0

[Event "25th Klatovy A 2017"]
[Site "Klatovy CZE"]
[Date "2017.07.02"]
[Round "2.9"]
[White "Kopta, Pavel"]
[Black "Kopriva, Martin"]
[Result "1-0"]
[WhiteElo "2238"]
[BlackElo "2061"]
[PlyCount "57"]
[EventDate "2017.07.01"]
[EventType "swiss"]
[EventRounds "9"]
[EventCountry "CZE"]
[SourceTitle "EXT 2018"]
[Source "ChessBase"]
[SourceDate "2017.10.13"]
[SourceVersion "1"]
[SourceVersionDate "2017.10.13"]
[SourceQuality "1"]

1. d4 g6 2. c4 Bg7 3. Nc3 d6 4. e4 Nf6 5. Nf3 O-O 6. Be2 e5 7. O-O Nc6 8. d5 Ne7 9. b4 Ne8 10. c5 f5 11. Ng5 a5 12. cxd6 Nxd6 13. Ba3 Nc6 14. dxc6 Qxg5 15. b5 bxc6 16. Bxd6 cxd6 17. bxc6 h5 18. c7 f4 19. Kh1 Kh7 20. Rb1 f3 21. Bxf3 Bh6 22. Rb8 Ba6 23. Rxa8 Rxa8 24. Be2 Bxe2 25. Qxe2 Qd2 26. Qxd2 Bxd2 27. Nd5 Rc8 28. Rb1 Bb4 29. a3 1-0

[Event "25th Klatovy A 2017"]
[Site "Klatovy CZE"]
[Date "2017.07.02"]
[Round "2.10"]
[White "Nemec, David"]
[Black "Lacina, Adolf"]
[Result "0-1"]
[WhiteElo "2043"]
[BlackElo "2237"]
[PlyCount "46"]
[EventDate "2017.07.01"]
[EventType "swiss"]
[EventRounds "9"]
[EventCountry "CZE"]
[SourceTitle "EXT 2018"]
[Source "ChessBase"]
[SourceDate "2017.10.13"]
[SourceVersion "1"]
[SourceVersionDate "2017.10.13"]
[SourceQuality "1"]

1. c4 e5 2. Nc3 Nf6 3. g3 c6 4. d4 e4 5. Bg5 Bb4 6. Qb3 Bxc3+ 7. bxc3 O-O 8. Bg2 Re8 9. e3 h6 10. Bxf6 Qxf6 11. Ne2 b6 12. a4 Ba6 13. a5 Qe6 14. axb6 axb6 15. Nf4 Qg4 16. h3 Qf5 17. Qxb6 d5 18. O-O Rc8 19. h4 Nd7 20. Qb2 Qf6 21. Bh3 Rcb8 22. Qc2 Nb6 23. c5 Bxf1 0-1

[Event "25th Klatovy A 2017"]
[Site "Klatovy CZE"]
[Date "2017.07.02"]
[Round "2.11"]
[White "Burnett, Andrew"]
[Black "Zahorbensky, Jaroslav"]
[Result "1-0"]
[WhiteElo "2211"]
[BlackElo "2050"]
[PlyCount "71"]
[EventDate "2017.07.01"]
[EventType "swiss"]
[EventRounds "9"]
[EventCountry "CZE"]
[SourceTitle "EXT 2018"]
[Source "ChessBase"]
[SourceDate "2017.10.13"]
[SourceVersion "1"]
[SourceVersionDate "2017.10.13"]
[SourceQuality "1"]

1. e4 d5 2. exd5 Qxd5 3. Nc3 Qa5 4. Bc4 Nf6 5. d3 c6 6. Nge2 Bg4 7. f3 Bh5 8. Nf4 e5 9. Qe2 Be7 10. Nxh5 Nxh5 11. g4 Nf6 12. Bd2 Qc7 13. O-O-O Nbd7 14. g5 Ng8 15. Rde1 f6 16. f4 O-O-O 17. Be6 Bd6 18. Ne4 exf4 19. Qf2 b6 20. Nxd6+ Qxd6 21. Bxf4 Qf8 22. Qd4 fxg5 23. Bd6 Qf6 24. Qa4 Kb7 25. Rhf1 Qh6 26. d4 Ngf6 27. c4 Qh4 28. Rd1 Rhe8 29. Bg3 Qe4 30. Bf5 Qe3+ 31. Kb1 Ne4 32. d5 Nb8 33. dxc6+ Nxc6 34. Bd7 Nxg3 35. Qxc6+ Ka6 36. hxg3 1-0

[Event "25th Klatovy A 2017"]
[Site "Klatovy CZE"]
[Date "2017.07.02"]
[Round "2.12"]
[White "Trmal, Jaroslav"]
[Black "Krutsky, Martin"]
[Result "0-1"]
[WhiteElo "2201"]
[BlackElo "2045"]
[PlyCount "72"]
[EventDate "2017.07.01"]
[EventType "swiss"]
[EventRounds "9"]
[EventCountry "CZE"]
[SourceTitle "EXT 2018"]
[Source "ChessBase"]
[SourceDate "2017.10.13"]
[SourceVersion "1"]
[SourceVersionDate "2017.10.13"]
[SourceQuality "1"]

1. d4 Nf6 2. Nf3 g6 3. c4 Bg7 4. Nc3 d6 5. e4 O-O 6. Be2 Na6 7. O-O e5 8. Re1 c6 9. Rb1 Bg4 10. Be3 Re8 11. dxe5 Bxf3 12. Bxf3 dxe5 13. b4 Qe7 14. Qa4 Nd7 15. c5 h5 16. Red1 Nc7 17. Rd6 a6 18. Rbd1 Nf8 19. Qc2 Nce6 20. Ne2 Rad8 21. g3 Rd7 22. Rxd7 Nxd7 23. Bg2 Rd8 24. Bh3 Ndf8 25. f4 Bh6 26. Rxd8 Qxd8 27. Qd2 Qf6 28. Kg2 exf4 29. gxf4 Qh4 30. e5 Kh7 31. a4 Kg8 32. Bxe6 Nxe6 33. h3 g5 34. fxg5 Nxg5 35. Nf4 Ne4 36. Qc1 Qg3+ 0-1

[Event "25th Klatovy A 2017"]
[Site "Klatovy CZE"]
[Date "2017.07.02"]
[Round "2.13"]
[White "Hajek, Jiri2"]
[Black "Duhayon, Yves"]
[Result "1/2-1/2"]
[WhiteElo "2013"]
[BlackElo "2198"]
[PlyCount "63"]
[EventDate "2017.07.01"]
[EventType "swiss"]
[EventRounds "9"]
[EventCountry "CZE"]
[SourceTitle "EXT 2018"]
[Source "ChessBase"]
[SourceDate "2017.10.13"]
[SourceVersion "1"]
[SourceVersionDate "2017.10.13"]
[SourceQuality "1"]

1. e4 e5 2. Nf3 Nc6 3. Nc3 Nf6 4. d4 exd4 5. Nxd4 Bb4 6. Nxc6 bxc6 7. Bd3 d5 8. exd5 cxd5 9. O-O O-O 10. Bg5 c6 11. Qf3 Bd6 12. Rae1 Rb8 13. Nd1 h6 14. Bxf6 Qxf6 15. Qxf6 gxf6 16. b3 f5 17. Ne3 f4 18. Nf5 Bxf5 19. Bxf5 Rbd8 20. Re2 Kg7 21. Rd1 f3 22. Re3 fxg2 23. Rde1 Rg8 24. Rf3 c5 25. Kxg2 Rde8 26. Rxe8 Rxe8 27. Bd3 Re5 28. h3 Re6 29. Rf5 Re5 30. Rxe5 Bxe5 31. c4 dxc4 32. Bxc4 1/2-1/2

[Event "25th Klatovy A 2017"]
[Site "Klatovy CZE"]
[Date "2017.07.02"]
[Round "2.14"]
[White "Miesbauer, Jan"]
[Black "Sprenar, Petr"]
[Result "1-0"]
[WhiteElo "2186"]
[BlackElo "2042"]
[PlyCount "37"]
[EventDate "2017.07.01"]
[EventType "swiss"]
[EventRounds "9"]
[EventCountry "CZE"]
[SourceTitle "EXT 2018"]
[Source "ChessBase"]
[SourceDate "2017.10.13"]
[SourceVersion "1"]
[SourceVersionDate "2017.10.13"]
[SourceQuality "1"]

1. c4 Nf6 2. Nc3 e6 3. e4 d5 4. e5 Ne4 5. Nf3 Nc6 6. Be2 g5 7. h3 Bg7 8. d4 O-O 9. O-O h6 10. Qc2 Nxc3 11. bxc3 Na5 12. c5 Bd7 13. Re1 Nc6 14. h4 g4 15. Nh2 h5 16. Bg5 Qe8 17. Bxg4 hxg4 18. Nxg4 f5 19. exf6 1-0

[Event "25th Klatovy A 2017"]
[Site "Klatovy CZE"]
[Date "2017.07.02"]
[Round "2.15"]
[White "Lhotsky, Zdenek"]
[Black "Vorisek, Jaroslav"]
[Result "0-1"]
[WhiteElo "1695"]
[BlackElo "2185"]
[PlyCount "74"]
[EventDate "2017.07.01"]
[EventType "swiss"]
[EventRounds "9"]
[EventCountry "CZE"]
[SourceTitle "EXT 2018"]
[Source "ChessBase"]
[SourceDate "2017.10.13"]
[SourceVersion "1"]
[SourceVersionDate "2017.10.13"]
[SourceQuality "1"]

1. e4 e5 2. Nf3 Nc6 3. Bb5 Nge7 4. O-O a6 5. Ba4 Ng6 6. c3 Be7 7. d4 b5 8. Bb3 d6 9. h3 Na5 10. Bc2 c5 11. Be3 Qc7 12. d5 Nc4 13. Bc1 O-O 14. Nbd2 Nb6 15. Kh2 Nf4 16. g4 h5 17. Rg1 hxg4 18. hxg4 g6 19. Nf1 Kg7 20. Bxf4 exf4 21. Rg2 Bf6 22. Qd2 Be5 23. Nxe5 dxe5 24. Qe2 Rh8+ 25. Kg1 Rh4 26. Nd2 Bd7 27. f3 Rah8 28. Kf2 c4 29. Rf1 Nc8 30. Ke1 Nd6 31. Rff2 Qc5 32. Rh2 b4 33. Rxh4 Rxh4 34. Nb1 Rh3 35. a3 bxa3 36. Nxa3 Bxg4 37. Qf1 Qe3+ 0-1

[Event "25th Klatovy A 2017"]
[Site "Klatovy CZE"]
[Date "2017.07.02"]
[Round "2.16"]
[White "Palek, Miroslav"]
[Black "Skypala, Ondrej"]
[Result "1-0"]
[WhiteElo "2174"]
[BlackElo "1685"]
[PlyCount "23"]
[EventDate "2017.07.01"]
[EventType "swiss"]
[EventRounds "9"]
[EventCountry "CZE"]
[SourceTitle "EXT 2018"]
[Source "ChessBase"]
[SourceDate "2017.10.13"]
[SourceVersion "1"]
[SourceVersionDate "2017.10.13"]
[SourceQuality "1"]

1. d4 Nf6 2. Bg5 d5 3. Bxf6 exf6 4. e3 Bf5 5. Bd3 Be4 6. Bxe4 dxe4 7. Qg4 Be7 8. Qxg7 Kd7 9. Qg4+ Kc6 10. Qxe4+ Kb6 11. Nc3 c5 12. Qxe7 1-0

[Event "25th Klatovy A 2017"]
[Site "Klatovy CZE"]
[Date "2017.07.02"]
[Round "2.17"]
[White "Hadraba, Vladimir"]
[Black "Kubat, Martin"]
[Result "1-0"]
[WhiteElo "2197"]
[BlackElo "1828"]
[PlyCount "60"]
[EventDate "2017.07.01"]
[EventType "swiss"]
[EventRounds "9"]
[EventCountry "CZE"]
[SourceTitle "EXT 2018"]
[Source "ChessBase"]
[SourceDate "2017.10.13"]
[SourceVersion "1"]
[SourceVersionDate "2017.10.13"]
[SourceQuality "1"]

1. e4 c5 2. Nf3 d6 3. d4 cxd4 4. Nxd4 Nf6 5. Nc3 g6 6. Bc4 Bg7 7. O-O O-O 8. Re1 Nc6 9. Bb3 Qb6 10. Be3 Qd8 11. h3 a6 12. Qd3 Nxd4 13. Bxd4 b5 14. a4 Rb8 15. axb5 axb5 16. Nd5 Nd7 17. Bxg7 Kxg7 18. c3 Nc5 19. Bc2 Be6 20. Qd4+ Kg8 21. b4 Nd7 22. Ra7 h6 23. Bd3 Ne5 24. Nxe7+ Kh7 25. f4 Nxd3 26. Qxd3 Bc4 27. Qd4 Qb6 28. f5 Qxd4+ 29. cxd4 Ra8 30. Rxa8 gxf5 1-0

[Event "25th Klatovy A 2017"]
[Site "Klatovy CZE"]
[Date "2017.07.02"]
[Round "2.18"]
[White "Bartonicek, Zdenek"]
[Black "Toman, Ondrej"]
[Result "0-1"]
[WhiteElo "1942"]
[BlackElo "2206"]
[PlyCount "124"]
[EventDate "2017.07.01"]
[EventType "swiss"]
[EventRounds "9"]
[EventCountry "CZE"]
[SourceTitle "EXT 2018"]
[Source "ChessBase"]
[SourceDate "2017.10.13"]
[SourceVersion "1"]
[SourceVersionDate "2017.10.13"]
[SourceQuality "1"]

1. e4 e6 2. d4 d5 3. exd5 exd5 4. Nf3 Bd6 5. Qe2+ Ne7 6. Bg5 O-O 7. Nc3 h6 8. Bh4 c6 9. O-O-O b5 10. Re1 Be6 11. Ne5 Qa5 12. g4 b4 13. Nb1 Bxe5 14. dxe5 Ng6 15. Bg3 Bxg4 16. f3 Bf5 17. Qd2 Nd7 18. Bd3 Bxd3 19. Qxd3 Nc5 20. Qd2 Qxa2 21. Qxb4 Ne6 22. Nc3 Qa6 23. Qa4 Qxa4 24. Nxa4 Rfb8 25. Rhf1 Rb4 26. b3 Ne7 27. f4 Nf5 28. Rf3 g6 29. Ref1 a6 30. Be1 Rb5 31. Nc3 Rb7 32. Na4 Rc8 33. Nc3 Kg7 34. Bf2 h5 35. Kd2 Rb4 36. Be1 Rd8 37. Kc1 c5 38. Ne2 Rb7 39. Ng3 Ned4 40. Rd3 Rdd7 41. Bc3 Nxg3 42. hxg3 Ne2+ 43. Kd2 Nxc3 44. Rxc3 Rbc7 45. f5 Rc6 46. Rcf3 c4 47. bxc4 dxc4+ 48. Kc3 Rd5 49. Re3 Ra5 50. Kd4 gxf5 51. Rxf5 Rg6 52. Ref3 Rg4+ 53. R3f4 Rxf4+ 54. gxf4 c3 55. Rxh5 Ra4+ 56. Ke3 a5 57. Rg5+ Kh7 58. f5 Ra1 59. Kd4 Kh6 60. Rg3 a4 61. Kxc3 Ra3+ 62. Kd4 Rxg3 0-1

[Event "25th Klatovy A 2017"]
[Site "Klatovy CZE"]
[Date "2017.07.02"]
[Round "2.19"]
[White "Spicka, Jan"]
[Black "Bartos, Jan"]
[Result "1/2-1/2"]
[WhiteElo "1959"]
[BlackElo "2189"]
[PlyCount "37"]
[EventDate "2017.07.01"]
[EventType "swiss"]
[EventRounds "9"]
[EventCountry "CZE"]
[SourceTitle "EXT 2018"]
[Source "ChessBase"]
[SourceDate "2017.10.13"]
[SourceVersion "1"]
[SourceVersionDate "2017.10.13"]
[SourceQuality "1"]

1. c4 e6 2. Nc3 c5 3. g3 Nf6 4. Bg2 d5 5. d3 d4 6. Ne4 Nxe4 7. Bxe4 Nd7 8. Bg2 Bd6 9. Nf3 h6 10. a3 a5 11. O-O O-O 12. Rb1 e5 13. Bd2 Re8 14. b4 axb4 15. axb4 cxb4 16. Bxb4 Bxb4 17. Rxb4 Nc5 18. Nd2 Ra7 19. Qc2 1/2-1/2

[Event "25th Klatovy A 2017"]
[Site "Klatovy CZE"]
[Date "2017.07.02"]
[Round "2.20"]
[White "Furman, Boris"]
[Black "Novy, Daniel"]
[Result "1-0"]
[WhiteElo "2177"]
[BlackElo "1942"]
[PlyCount "65"]
[EventDate "2017.07.01"]
[EventType "swiss"]
[EventRounds "9"]
[EventCountry "CZE"]
[SourceTitle "EXT 2018"]
[Source "ChessBase"]
[SourceDate "2017.10.13"]
[SourceVersion "1"]
[SourceVersionDate "2017.10.13"]
[SourceQuality "1"]

1. d4 Nf6 2. c4 c5 3. d5 b5 4. cxb5 a6 5. bxa6 Bxa6 6. Nc3 g6 7. e4 Bxf1 8. Kxf1 d6 9. Nf3 Bg7 10. g3 O-O 11. Kg2 Nbd7 12. a4 Qb6 13. Qe2 Rfb8 14. Nb5 Ne8 15. Ra3 Nc7 16. Nxc7 Qxc7 17. b3 c4 18. Qc2 Rb4 19. Be3 Nc5 20. bxc4 Rb2 21. Qc1 Nxe4 22. Nd4 Rb4 23. Nc6 Rb2 24. a5 Ra6 25. Re1 Qd7 26. Nd4 Rb7 27. Qc2 Nc5 28. Rb1 h5 29. h4 g5 30. hxg5 h4 31. Rh1 hxg3 32. Qh7+ Kf8 33. Nf5 1-0

[Event "25th Klatovy A 2017"]
[Site "Klatovy CZE"]
[Date "2017.07.02"]
[Round "2.21"]
[White "Kostelecky, Daniel"]
[Black "Dvorak, Jan"]
[Result "1-0"]
[WhiteElo "1908"]
[BlackElo "2174"]
[PlyCount "81"]
[EventDate "2017.07.01"]
[EventType "swiss"]
[EventRounds "9"]
[EventCountry "CZE"]
[SourceTitle "EXT 2018"]
[Source "ChessBase"]
[SourceDate "2017.10.13"]
[SourceVersion "1"]
[SourceVersionDate "2017.10.13"]
[SourceQuality "1"]

1. e4 d5 2. exd5 Qxd5 3. Nc3 Qd6 4. d4 Nf6 5. Bc4 c6 6. Nge2 Bg4 7. h3 Bxe2 8. Qxe2 Nbd7 9. O-O e6 10. Bg5 Be7 11. Rad1 O-O 12. a4 Rfe8 13. Qf3 Qb4 14. Bb3 Rad8 15. Rfe1 Nf8 16. Ne4 Nxe4 17. Bxe7 Rxe7 18. Rxe4 Red7 19. d5 Qb6 20. c4 c5 21. Qc3 Ng6 22. Rg4 Qc7 23. Re1 Re7 24. h4 h5 25. Rg5 exd5 26. Rxe7 Qxe7 27. cxd5 Qe4 28. g3 Qb1+ 29. Kh2 Rd6 30. Rxh5 Rf6 31. Qxc5 Qxb2 32. Bc2 Ne7 33. Qxe7 Rxf2+ 34. Kh3 Rh2+ 35. Kxh2 Qxc2+ 36. Kh3 Qc8+ 37. g4 Qc3+ 38. Kg2 Qd2+ 39. Kf3 Qd1+ 40. Qe2 Qh1+ 41. Kf4 1-0

[Event "25th Klatovy A 2017"]
[Site "Klatovy CZE"]
[Date "2017.07.02"]
[Round "2.22"]
[White "Srba, Stanislav"]
[Black "Zeman, Matyas"]
[Result "1/2-1/2"]
[WhiteElo "1924"]
[BlackElo "2166"]
[PlyCount "41"]
[EventDate "2017.07.01"]
[EventType "swiss"]
[EventRounds "9"]
[EventCountry "CZE"]
[SourceTitle "EXT 2018"]
[Source "ChessBase"]
[SourceDate "2017.10.13"]
[SourceVersion "1"]
[SourceVersionDate "2017.10.13"]
[SourceQuality "1"]

1. d4 d5 2. c4 e6 3. Nf3 Nf6 4. Bg5 c6 5. Nc3 dxc4 6. a4 Bb4 7. e4 b5 8. e5 h6 9. exf6 hxg5 10. fxg7 Rg8 11. Be2 Rxg7 12. Ne5 Bb7 13. Bf3 f6 14. Bh5+ Kf8 15. Ng6+ Kg8 16. Qe2 Qd6 17. h4 Nd7 18. hxg5 fxg5 19. O-O Bxc3 20. bxc3 Nf8 21. Ne5 1/2-1/2

[Event "25th Klatovy A 2017"]
[Site "Klatovy CZE"]
[Date "2017.07.02"]
[Round "2.24"]
[White "Pick, Stepan"]
[Black "Hodan, Jiri"]
[Result "1-0"]
[WhiteElo "2105"]
[BlackElo "1876"]
[PlyCount "97"]
[EventDate "2017.07.01"]
[EventType "swiss"]
[EventRounds "9"]
[EventCountry "CZE"]
[SourceTitle "EXT 2018"]
[Source "ChessBase"]
[SourceDate "2017.10.13"]
[SourceVersion "1"]
[SourceVersionDate "2017.10.13"]
[SourceQuality "1"]

1. Nf3 Nf6 2. c4 c5 3. Nc3 Nc6 4. d4 cxd4 5. Nxd4 e6 6. g3 Bc5 7. Nb3 Bb4 8. Bg2 d5 9. cxd5 Nxd5 10. Qc2 Qf6 11. Bd2 Nxc3 12. bxc3 Be7 13. O-O e5 14. Be3 Bf5 15. Qb2 O-O 16. Nc5 b6 17. Na6 Rac8 18. Rad1 Na5 19. Bc1 Rfd8 20. Rxd8+ Rxd8 21. Nc7 Bc5 22. Nd5 Qd6 23. Rd1 Be6 24. Qb5 Bxd5 25. Bxd5 Kf8 26. Rd3 Qc7 27. Qa4 h6 28. Qe4 Qe7 29. Qh7 Qf6 30. Rf3 Rxd5 31. Rxf6 gxf6 32. Qxh6+ Ke7 33. Be3 Bd6 34. Qh4 Rb5 35. Qe4 Rb2 36. Qa8 Rxa2 37. Qxa7+ Ke6 38. Bxb6 Ra1+ 39. Kg2 Nb3 40. Qb7 Nc5 41. Bxc5 Bxc5 42. Qc6+ Bd6 43. c4 Rc1 44. Qd5+ Ke7 45. h4 Rc2 46. e3 Rc3 47. h5 Ba3 48. h6 Rb3 49. c5 1-0